LEADER 00940nam a2200205 i 4500 001 000000218877 003 CaOOAMICUS 005 20251010145018.0 008 130221s1723 xx u000 u lat u 013 $a197774 026 $a3735 e?a- s,is suct (3) 1723 (R) 040 $aSeMil$bita 245 10$a2: De praeceptis decalogi. 300 $a[8], 229, [11] p. 500 $aSegn.: a4 A-2G4. 773 0 $aViva, Domenico $tCursus theologico-moralis. Tomus prior [-posterior] quoad ea, quae moralis theologia disputat de Legibus, de Praeceptis decalogi ... Ad usum Tyronum elucubratus ... A P. Dominico Viva Sociatatis Jesu ... Pars 1. [-8.].$dPatavii : Ex Typographia Seminarii, apud Joannem Manfrč, 1723.$g1$w()28080 850 $aSeMil 852 $aSeMil$W1$xVenegono$y1$m2F III 55 FA$j169247$B169247$CSeMilBibl$Z2$F179999 $8I 996 $6245$a2: De praeceptis decalogi$9(OLS)http://semarc/title/314176 LEADER 01169nam a2200301 i 4500 001 000000112855 003 CaOOAMICUS 005 20100107000000.0 008 100107s1983 xxk u000 u eng u 013 $a85539 020 $a0-00-599957-X 040 $aSeMil$bita 100 1 $aGriffiths, Bede .$0(OLS)http://semarc/name/47005 245 14$aThe cosmic revelation :$bthe Hindu way to God /$cBede Griffiths. 260 $aLondon :$bCollins,$c1983. 300 $a136 p. ;$c21 cm. 490 0 $aCollins flame 500 $aFondo Card. C.M. Martini. 650 4$aInduismo.$0(OLS)http://semarc/subject/907 650 4$aCristianesimo e induismo.$0(OLS)http://semarc/subject/4622 830 0$aCollins flame.$0(OLS)http://semarc/title/11649 850 $aSeMil 852 $aSeMil$W1$xVenegono$y1$m2X I 19$j68572$B68572$CSeMilBibl$Z2$F91285 $81 941 1 $a4 961 $aOmaggio: Martini Card. Carlo Maria 996 $6020$a0-00-599957-X$9(OLS)http://semarc/number/95556 996 $6245$aThe cosmic revelation :$bthe Hindu way to God$9(OLS)http://semarc/title/164597 996 $6260$aLondon :$bCollins$9(OLS)http://semarc/publisher/32390